| 000 | 01433nam a2200433 c 4500 | ||
|---|---|---|---|
| 001 | 22059 | ||
| 003 | ES-MaCES | ||
| 005 | 20231206040006.0 | ||
| 008 | 090414s2009 sp 000 | spa d | ||
| 017 |
_aAB 75-2009 _bDL |
||
| 020 | _a9788496721760 | ||
| 035 | _aCES20090004396m | ||
| 040 |
_aES-MaCES _bspa _cES-MaCES |
||
| 100 | 1 |
_aMerino Segovia, Amparo _918474 |
|
| 245 | 1 | 0 |
_aIgualdad de género, empresa y responsabilidad social _cAmparo Merino Segovia |
| 250 | _a1ª ed | ||
| 260 |
_aAlbacete _bBomarzo _c2009 |
||
| 300 |
_a91 p. _c21 cm |
||
| 490 | 1 |
_aBásicos de Derecho social _v41 |
|
| 504 | _aBibliografía: p. 85-91 | ||
| 541 | _cCompra | ||
| 610 | 1 | 7 |
_aEspaña _tLey orgánica para la igualdad efectiva de mujeres y hombres, 2007 _2 _93183 |
| 650 | 4 |
_aigualdad de oportunidades _927183 |
|
| 650 | 4 |
_amujeres _928657 |
|
| 650 | 4 |
_atrabajadora _928413 |
|
| 650 | 4 |
_aigualdad de oportunidades en el empleo _930649 |
|
| 650 | 4 |
_aresponsabilidad social _930590 |
|
| 650 | 4 |
_aresponsabilidad del empleador _930146 |
|
| 650 | 4 |
_acondiciones de trabajo _928327 |
|
| 650 | 4 |
_aEspaña _926964 |
|
| 650 | 4 |
_aEuropa _926940 |
|
| 650 | 4 |
_arégimen jurídico _929894 |
|
| 653 | 1 | 0 | _aDerecho del trabajo y Seguridad Social |
| 650 | 4 |
_928178 _aempresa |
|
| 830 | 0 |
_aBásicos de Derecho social _v41 _933978 |
|
| 902 | _aLIB Libro | ||
| 942 |
_2CES _cBK _h6.0.1. |
||
| 999 |
_c22059 _d22059 |
||